| 000 | 01738nam a2200325 a 4500 | ||
|---|---|---|---|
| 999 |
_c406966 _d406966 |
||
| 003 | BLK | ||
| 005 | 20230725112715.0 | ||
| 008 | 210330b bu |||||r|||| 00| | bu d | ||
| 040 | _aBLK | ||
| 041 |
_aRUS _cRUS |
||
| 080 |
_aИкономически теории. Икономически учения и школи _b330.8 _z330.8 |
||
| 100 |
_9248944 _aМаркс, Карл _eпърви автор |
||
| 139 | _aМаркс, Карл | ||
| 245 |
_aКапитал _bКритика политической экономии : Т. 1 - _cКарл Маркс; под ред. Петр Бернгардович Струве _nТ. 1. Кн. 1 _pПроцесс производства капитала |
||
| 250 | _a2. изд. | ||
| 257 | _aDEU | ||
| 260 |
_9441842 _aСанкт-Петербург _bб. и. _c1906- |
||
| 300 | _c25 см | ||
| 380 | _a3 | ||
| 650 | 7 |
_9156973 _aИкономически учения |
|
| 650 | 7 |
_9166922 _aПолитическа икономия |
|
| 653 | 7 |
_9194055 _aполитическа икономия |
|
| 653 | 7 |
_9188260 _aкапитал |
|
| 700 |
_aСтруве, Пьотър Бернгардович _d1870-1944 _gФилософ, икономист, обществен и политически деец, публицист. Член на Руската академия на науките. Емигрант във Франция (1927-). Редактор на вестник Возрождение в Париж. _9445475 |
||
| 760 |
_h576, VІ с. _o. Кн. 1 _tТ. 1. : Процесс производства капитала |
||
| 852 |
_aЦб 3.245.11411 _bО |
||
| 942 |
_cKNG _n0 _s1 |
||
| 944 |
_aCR _c2021-04-08 _k30556 _lТеодора Пейчева-Дянкова |
||
| 999 | _d406966 | ||